000 00568nam a2200205Ia 4500
005 20250923144749.0
008 008 250917s9999 xx 000 0 eng d
037 _aTextual
040 _aDSWL
_beng
_cDSWL
041 _aeng
_2eng
084 _aY133:7:.73.N5, J9
_qDSWL
100 _aHemdahl, Revel
_9828172
245 0 _aUrban renewal
_cby Revel Hemdahl
260 _aNew York
_bYorkScareerow press
_c1959
300 _a367p.
365 _aINR
_b8
925 _g8
942 _cTEXL
_hY133:7:.73.N5, J9
999 _c1443050
_d1443050